00773nam a22002057a 450000500170000001000130001702000220003003500130005203700160006504000120008108200200009310000220011324500920013526000390022727000550026630000280032150000500034965000910039965000770049020170124110014.0 aB-079324 c00.00a8178290057 aB-079324 bCen Lib/Ret aDPLbEN a305.891420bVER aVerma, Archana B. aThe making of little punjab in Canada :cby Archana B.Vermabpatterns of immigration / aNew DelhibSage Publicationsc2002 bNew DelhiaM-32, Market, Greater Kailash-Ie110048 a254p. :c22cm(Hb)bill. aIncludes bibliographical references and index a Panjabis (South Asian people) -- British Columbia -- History -- 20th century.  aRajput (Indic people) -- British Columbia -- History -- 20th century.z